| 000 | 01066nam a2200325 ia4500 | ||
|---|---|---|---|
| 003 | PPAK | ||
| 005 | 20250813125203.0 | ||
| 008 | 250813s2025 my a bd 000 1 may d | ||
| 020 |
_a9789672983729 _qset |
||
| 020 |
_a9789672983767 _cRM 39.75 _qpaperback |
||
| 040 |
_aPPAK _beng _cPPAK _erda |
||
| 041 | 0 |
_amay _aeng |
|
| 082 | 0 | 4 |
_223 _a499.2386 |
| 090 | 0 | 0 |
_a499.2386 _bALI _dRK |
| 100 | 1 |
_aAliya Shamimi, _d1980- _eauthor. |
|
| 245 | 1 | 0 |
_aSelamat Pagi, Cikgu = Good Morning, Teacher / _cAliya Shamimi |
| 264 | 1 |
_aAMPANG, SELANGOR : _bPUSTAKA ZAMRUD, _c[2025?] |
|
| 300 |
_a16 pages : _bcolour illustrations ; _c42 cm |
||
| 336 |
_atext _2rdacontent |
||
| 337 |
_aunmediated _2rdamedia |
||
| 338 |
_avolume _2rdacarrier |
||
| 490 | 1 | _aBuku Gergasi Ceria Bersuku Kata | |
| 546 | _aText parallel in Malay and English | ||
| 650 | 1 | 0 |
_aMalay language _vReaders |
| 650 | 2 | 0 | _aChildren's stories, Malay |
| 650 | 2 | 0 | _aMalay fiction |
| 650 | 2 | 0 | _aPicture books for children |
| 830 | 0 | _aBuku gergasi ceria bersuku kata | |
| 942 |
_2ddc _cB |
||
| 999 |
_c200430 _d200430 |
||